000 00311nam a22001337a 4500
008 170928b xxu||||| |||| 00| 0 eng d
020 _a41009567900000222085
041 _aeng
080 _25TH
_a37
100 _a47
101 _aEDU
245 _aEARLY CHILDHOOD LANGUAGE ARTS
_cJALONGO,M,R
942 _2udc
_cBK
999 _c30504
_d30504